00321nam a22001097a 4500082002500000100002300025245005500048260004600103300001700149526003700166650000800203 a658bJUCcL-17, P-18 aJucius, Michael J. aElements of managerial action /cMichael J, Jucius aTokyo :bCharles E. Tuttle Companyc1960. axi, 439 p. : a0b0c0d658_000000000000000_JUC aMCE